000 01459cam a22004214a 4500
001 muse54591
003 MdBmJHUP
005 20210127151126.0
006 m o d
007 cr||||||||nn|n
008 140606s2014 ne o 00 0 eng d
010 _z 2015386739
020 _a9789400601505
020 _a9400601506
020 _z9789087281953 (paper)
020 _z9087281951 (paper)
035 _a(OCoLC)966879919
040 _aMdBmJHUP
_cMdBmJHUP
043 _ae------
050 0 4 _aBP65.A1
_bB47 2014
082 0 _a297.094
_223
100 1 _aBerger, Maurits,
_eauthor.
245 1 2 _aA Brief History of Islam in Europe
_bThirteen Centuries of Creed, Conflict and Coexistence /
_cMaurits S. Berger.
300 _a1 online resource (354 pages)
504 _aIncludes bibliographical references (pages 305-342) and index.
506 0 _aOpen Access
_fUnrestricted online access
_2star
588 _aDescription based on print version record.
650 0 _aIslam
_zEurope
_xHistory.
655 7 _aElectronic books.
_2local
710 2 _aProject Muse.
_edistributor
830 0 _aBook collections on Project MUSE.
856 4 0 _zFull text available:
_uhttps://muse.jhu.edu/book/46342/
945 _aProject MUSE - Archive History Supplement V
945 _aProject MUSE - Archive Complete Supplement V
999 _c24706
_d24706